000 00531 a2200145 4500
040 _a0
082 _aPGDIT-2
100 _aAsim Shamim.
_9104436
245 _aAutomation of NUST Examination System For Medical Sciences
_cAsim Shamim.
260 _aIslamabad :
_bNUST School of Electrical Engineering & Computer Science,
_c2000.
300 _a58 p. :
_bill. ;
_c27 cm.
500 _aSupervisors : Mr. Rooh ul Amin, Mr. Ali Hammad Akbar.
856 _uhttp://10.250.8.41:8080/xmlui/handle/123456789/31407
942 _cPR
_kPGDIT-2 ASI
_2ddc
999 _c9263
_d9263